=LDR 00000nam 2200000 4500 =001 INLIS000000000021975 =005 20130612120759 =008 ***********************************Ind** =035 ##$$0010-061300000021975 =041 ##$$a Ind =082 ##$$a 813 =090 ##$$a 813, And-l =100 ##$$a ANDRIANTO, Kusuma =245 ##$$a London Wild Rose, Cintapun Menari, Kusuma Andrianto =260 ##$$a 2005 $b Jakarta =300 ##$$a 384 hlm., 17 cm =650 ##$$a Sastra =850 ##$$a NBPNMAT